| 000 | 00816cam a22002291 4500 | ||
|---|---|---|---|
| 001 | af 50000156 | ||
| 003 | DLC | ||
| 005 | 20260227110920.0 | ||
| 008 | 760331s1940 xx a 001 0 ger c | ||
| 010 | _aaf 50000156 | ||
| 035 | _a(OCoLC)2083062 | ||
| 040 |
_aNew York Public Library _cNPurU _dDLC |
||
| 050 | 0 | 0 |
_aML275 _b.W5 |
| 082 | _a780.943 | ||
| 100 | 1 |
_aWerner, Arno, _d1865-1955. |
|
| 245 | 1 | 0 |
_aFreie Musikgemeinschaften alter Zeit im mitteldeutschen Raum. _cIm Auftrage des Oberbürgermeisters hrsg. vom Kulturamt der Händelstadt Halle. |
| 260 |
_aWolfenbüttel, _bG. Kallmeyer, _c1940. |
||
| 300 |
_a60 p. _billus. _c25cm. |
||
| 440 | 0 |
_aSchriftenreihe des Händelhauses in Halle, _vHeft 7 |
|
| 500 | _a"Literatur- und Fundstellennachweis": p. 55-56. | ||
| 650 | 0 |
_aMusic _zGermany _xHistory and criticism. |
|
| 999 |
_c6976 _d6976 |
||